Statistics for Standings Week 16

Click here to take the quiz!

General Stats

  • This quiz has been taken 7 times
  • The average score is 27 of 32

Answer Stats

Win%StandingTeam% Correct
0.3004-10-1Bengals
100%
0.3335-10Broncos
100%
0.66710-5Browns
100%
0.4006-9Chargers
100%
0.66710-5Colts
100%
0.4006-9Cowboys
100%
0.0671-14Jaguars
100%
0.1332-13Jets
100%
0.4677-8Raiders
100%
0.4006-949ers
80%
0.5338-7Bears
80%
0.80012-3Bills
80%
0.66710-5Buccaneers
80%
0.5338-7Cardinals
80%
0.93314-1Chiefs
80%
0.66710-5Dolphins
80%
0.3004-10-1Eagles
80%
0.3335-10Giants
80%
0.3335-10Lions
80%
0.80012-3Packers
80%
0.3335-10Panthers
80%
0.4006-9Patriots
80%
0.6009-6Rams
80%
0.73311-4Saints
80%
0.73311-4Seahawks
80%
0.80012-3Steelers
80%
0.2674-11Texans
80%
0.66710-5Titans
80%
0.4006-9Vikings
80%
0.4006-9Washington
80%
0.2674-11Falcons
60%
0.66710-5Ravens
40%

Score Distribution

Percentile by Number Answered

Percent of People with Each Score

Your Score History

You have not taken this quiz